Tasas municipales : Tomo I /
Guardado en:
| Formato: | Libro |
|---|---|
| Idioma: | Spanish |
| Publicado: |
Buenos Aires :
Lexis Nexis,
2007
|
| Edición: | 1a. ed. |
| Materias: | |
| Etiquetas: |
Agregar Etiqueta
Sin Etiquetas, Sea el primero en etiquetar este registro!
|
| LEADER | 00484nam a22001575a 4500 | ||
|---|---|---|---|
| 001 | DER.der007566 | ||
| 008 | 180615s2007####ag#||||||||||||||#||spa|| | ||
| 005 | 20241111113139.0 | ||
| 245 | 1 | 0 | |a Tasas municipales : |b Tomo I / |c dirigido por Enrique G. Bulit Goñi. |
| 250 | |a 1a. ed. | ||
| 260 | |a Buenos Aires : |b Lexis Nexis, |c 2007 | ||
| 300 | |a 666 p. | ||
| 020 | |a 9789875923072 | ||
| 700 | 1 | |a Bulit Goñi, Enrique G., |e dir. | |
| 650 | 7 | |a DERECHO TRIBUTARIO | |
| 859 | |a DERECHO |b BIB. DERECHO |h 346 |i TAS |p 005807 | ||
